000 01059nam a22002417a 4500
005 20260211142624.0
008 260211b |||||||| |||| 00| 0 eng d
020 _a9789357751063 (hbk)
037 _cTB
040 _aCRL
_cCRL
041 _2hin
_ahin
084 _aO152,6N26:g P6
_qCRL
100 _aतनेजा, जयदेव
_91115211
245 _aआधुनिक भारतीय रंगलोक
250 _a2 संस्करण
260 _aनयी दिल्ली, भारत:
_bवाणी प्रकाशन,
_c2006.
300 _a308पृ.
365 _b550.00
_cINR
650 _aहिन्दी निबंध
_91115212
650 _aहिन्दी साहित्य
_91115213
942 _2CC
_cTB
_e2 संस्करण
_hO152,6N26:g P6
_n0
999 _c1679310
_d1679310